000
002920000a22001330004500
041
0
_a
SPA
082
0
4
_a
G 866 F954z
100
1
_a
Fuentes, Carlos (1928-)
245
1
0
_a
Zona sagrada / Carlos Fuentes
260
_a
México : Siglo Veintiuno
300
_a
191 PAg
001
11192
942
_c
BK
999
_c
40558
_d
40558